| 000 | 00572nam a2200217Ia 4500 | ||
|---|---|---|---|
| 003 | OSt | ||
| 005 | 20220928133223.0 | ||
| 006 | a|||||r|||| 00| 0 | ||
| 007 | ta | ||
| 008 | 220927b |||||||| |||| 00| 0 eng d | ||
| 024 | _a37199 | ||
| 037 | _cTextual | ||
| 040 |
_aSDCL _cSDCL _beng |
||
| 041 |
_2eng _aeng |
||
| 082 | _aV2:51xM90, L8.1-.2 | ||
| 100 |
_aVidharti Ganesh Sankar _9484806 |
||
| 245 | 0 | _aKranti ka udhghose.2V | |
| 260 |
_aKanpur _c1978 |
||
| 942 |
_hV2:51xM90, L8.1-.2 _cTEXL _2CC |
||
| 999 |
_c798365 _d798365 |
||